LIBRARY & INFORMATION CENTRE, KCAET, TAVANUR

ONLINE PUBLIC ACCESS CATALOGUE (OPAC)

Computing applications:using DOS,word perfect,lotus 1-2-3 and dBASE-lV / (Record no. 10872)

MARC details
000 -LEADER
fixed length control field 00495cam a2200181ua 4500
020 ## - INTERNATIONAL STANDARD BOOK NUMBER
ISBN 0 471 51848 4
041 ## - LANGUAGE CODE
Language code of text/sound track or separate title eng
082 ## - DEWEY DECIMAL CLASSIFICATION NUMBER
Classification number 005.1
Item number STE/CO
100 ## - MAIN ENTRY--AUTHOR NAME
Personal name Stern, Nancy .
245 ## - TITLE STATEMENT
Title Computing applications:using DOS,word perfect,lotus 1-2-3 and dBASE-lV /
250 ## - EDITION STATEMENT
Edition statement 1 /
260 ## - PUBLICATION, DISTRIBUTION, ETC. (IMPRINT)
Place of publication London :
Name of publisher John Wiley & Sons ,
Year of publication 1990.
300 ## - PHYSICAL DESCRIPTION
Number of Pages 67 ; .
700 1# - ADDED ENTRY--PERSONAL NAME
Personal name Stern Robert, A .
942 ## - ADDED ENTRY ELEMENTS (KOHA)
Koha item type Books
Holdings
Withdrawn status Lost status Damaged status Home library Current library Date acquired Full call number Accession Number Koha item type
      KAUAET KAUAET 07/04/2012 005.1 17653 Books
free website counter